Medulloblastoma of the Cerebellum : Extracranial Metastases and Diagnostical Difficulties

Podrobná bibliografia
Hlavný autor: Friborský, V. (Autor)
Médium: Článok
Jazyk:angličtina

MARC

LEADER 00000nab a2200000ua 4500
001 vtls010829062
003 SK-MaSNL
005 20260303145020.0
008 230222s1963 xo |||||||||||||||||eng|
035 |a (urnnbn)urn:nbn:sk:snk:ar-a06f77 
035 |a urn:nbn:sk:snk-ab5ui9 
035 |a (uuid)90c6591c-b53d-493f-9c77-b1380fd5fa9e 
040 |a SNKBUCL  |b slo  |c SNKBUCL  |e AACR2 
041 0 |a eng 
044 |a xo  |c SK 
100 1 |a Friborský, V.  |4 aut  |9 1166770 
245 1 0 |a Medulloblastoma of the Cerebellum :  |b Extracranial Metastases and Diagnostical Difficulties  |c V. Friborský 
773 0 |t Neoplasma : journal of experimental and clinical oncology  |g Roč. 10, č. 4 (1963), s. 427-440 
958 |a OND 
958 |a EUIPO 
958 |a article5 
999 |c 2000103  |d 2002033